Право и научно-технический прогресс

Bibliographische Detailangaben
1. Verfasser: Хецуриани Д. Г. Джони Григорьевич
Körperschaft: Академия наук Грузинской ССР (АН ГрузССР) Институт экономики и права
Weitere Verfasser: Меликишвили Д. Ю. Давид Юрьевич, Купрейшвили Д. Б. Давид Бичикоевич
Zusammenfassung:Исключено из фонда НТБ ТПУ
Sprache:Russisch
Veröffentlicht: Тбилиси, Мецниереба, 1988
Format: MixedMaterials Buch
KOHA link:https://koha.lib.tpu.ru/cgi-bin/koha/opac-detail.pl?biblionumber=262877

MARC

LEADER 00000nam0a2200000 4500
001 262877
005 20231031222214.0
010 |a 5520002037 
020 |a RU  |b 88-36041 
035 |a (RuTPU)RU\TPU\book\285861 
090 |a 262877 
100 |a 20140604d1988 k y0rusy5003 ca 
101 0 |a rus 
102 |a GE 
105 |a y z 001zy 
200 1 |a Право и научно-технический прогресс  |f Дж. Г. Хецуриани, Д. Ю. Меликишвили, Д. Б. Купрейшвили  |g Академия наук Грузинской ССР (АН ГрузССР), Институт экономики и права 
210 |a Тбилиси  |c Мецниереба  |d 1988 
215 |a 83 с. 
333 |a Исключено из фонда НТБ ТПУ 
700 1 |a Хецуриани  |b Д. Г.  |g Джони Григорьевич 
701 1 |a Меликишвили  |b Д. Ю.  |g Давид Юрьевич 
701 1 |a Купрейшвили  |b Д. Б.  |g Давид Бичикоевич 
712 0 2 |a Академия наук Грузинской ССР (АН ГрузССР)  |b Институт экономики и права 
801 0 |a RU  |b RuMRKP  |c 19950417  |g psbo 
801 1 |a RU  |b 63413507  |c 20140604 
801 2 |a RU  |b 63413507  |c 20220314  |g RCR 
942 |c BK